| 000 | 00501nam a22001817a 4500 | ||
|---|---|---|---|
| 005 | 20260504115908.0 | ||
| 008 | 260504b |||||||| |||| 00| 0 eng d | ||
| 020 |
_a9780198700036 _qpbk |
||
| 041 | _aeng | ||
| 082 | _a401.43 WIE | ||
| 100 | _aWierzbicka, Anna | ||
| 245 |
_aSemantics: _bPrimes and Universals _c/Anna Wierzbicka |
||
| 260 |
_aUSA _bOxford University Press Inc. _c2004 |
||
| 300 |
_axii,500p. : _c26cm. |
||
| 504 | _aBib and Ref | ||
| 650 | _aPhilosophy & theory | ||
| 942 | _cENGLISH | ||
| 999 |
_c622451 _d622451 |
||